El proceso observación-evaluación-planeación en el currículum de High Scope: compendio de lecturas

Saved in:
Bibliographic Details
Main Author: Barocio Quijano, Roberto (Author)
Format: Book
Language:Spanish
Published: Ciudad de México Trillas 1998
Subjects:
Tags: Add Tag
No Tags, Be the first to tag this record!

MARC

LEADER 00000cam a2200000 a 4500
001 UCN1872
003 CL-VaPUC
008 010504e19980000MX |||||||||||||||||spa|d
082 0 4 |a 372.21  |b BAR  |2 21 
100 0 |a Barocio Quijano, Roberto  |e author  |9 457392 
245 1 3 |a El proceso observación-evaluación-planeación en el currículum de High Scope: compendio de lecturas 
300 |a 62 p 
942 |c BK 
945 |d 20010504 00:00:00  |a cmena 
260 |a Ciudad de México  |b Trillas  |c 1998 
650 0 |a Educación preescolar  |9 260381 
650 0 |a Currículo  |9 307290 
650 0 |a Planificación del currículo  |9 269599 
650 0 |a Métodos de enseñanza  |9 270413 
650 0 |a Métodos de aprendizaje  |9 334464 
583 |a last modification  |c 20180828 03:01:03  |k Rodrigo Vera 
999 |c 295097  |d 295095 
952 |0 0  |1 0  |4 0  |6 372_210000000000000_BAR_1998  |7 0  |8 A  |9 348026  |a BIBEDU  |b BIBEDU  |c ES_NOD  |d 2019-11-20  |i 3717747  |o 372.21 BAR 1998  |p 3717747  |r 2023-08-09  |w 2019-11-20  |y BK  |k EPE